Quinti Horatii Flacci opera.

Bibliographic Details
Main Author: Horace
Format: eBook
Language:Latin
Published: Londini : Typis J. Brindley, 1744.
Series:Eighteenth century collections online.
Online Access:Full text online

MARC

Tag First Indicator Second Indicator Subfields
LEADER 00000cam a2200000 4500
001 in00001918621
006 m | d |
007 cr |n||||||||n
008 790719s1744 enk|||| s 00||||lat d
005 20260403173233.4
035 |a (CStRLIN)ESTCT46227 
040 |a Uk-ES  |c Uk-ES  |d CStRLIN  |d Thomson Gale  |d UtOrBLW 
100 0 |a Horace. 
243 1 0 |a Works 
245 1 0 |a Quinti Horatii Flacci opera. 
264 1 |a Londini :  |b Typis J. Brindley,  |c 1744. 
300 |a 4 unnumbered pages, 224p. ;  |c 12⁰. 
336 |a text  |b txt  |2 rdacontent 
337 |a computer  |b c  |2 rdamedia 
338 |a online resource  |b cr  |2 rdacarrier 
500 |a Edited by Usher Gahagan. 
500 |a The titlepage is engraved. 
500 |a Reproduction of original from the British Library. 
510 4 |a English Short Title Catalog,  |c ESTCT46227. 
533 |a Electronic reproduction.  |b Farmington Hills, Mich. :  |c Thomson Gale,  |d 2003.  |n Available via the World Wide Web.  |n Access limited by licensing agreements  |7 s2003 miunns 
500 |a Electronic resource. 
830 0 |a Eighteenth century collections online. 
856 4 0 |u http://proxy.library.tamu.edu/login?url=https://galenet.galegroup.com/servlet/ECCO?c=1&stp=Author&ste=11&af=BN&ae=T046227&tiPG=1&dd=0&dc=flc&docNum=CW113589881&vrsn=1.0&srchtp=a&d4=0.33&n=10&SU=0LRK&locID=txshracd2898  |z Full text online  |t 0 
999 |a MARS 
999 f f |s b406b922-44e1-3a0c-8979-92be27512dda  |i bec80879-05c8-34ec-b38c-3ec1f6ad4969  |t 0 
952 f f |a Texas A&M University  |b College Station  |c Electronic Resources  |s www_evans  |d Available Online  |t 0  |h No information provided 
998 f f |t 0  |l Available Online